000 00621nam a2200205 a 4500
001 19733
003 CO-ViMGA
008 141112s2004 ck r 000 u spa d
020 _a9583600423
040 _aCO-ViMGA
_bspa
_cCO-ViMGA
082 _aCo863 O767d
100 1 _aOsorio Lizarazo, Jose Antonio
_95652
245 1 0 _aEl Día del odio :
_bUna novela sobre el 9 de abril
260 _aBogotá :
_bAncora Editores,
_c2000
300 _a239 p.
590 _aForma de adquisición : Premio Mincultura
650 1 4 _aNOVELA COLOMBIANA
_91193
650 1 4 _aNOVELA HISTORICA - BogotáZO - COLOMBIA
_95653
942 _2ddc
_cBK
999 _c10919
_d10919